000
00261nam a2200109Ia 4500
008
220204s9999 xx 000 0 und d
082
_a
82-3
_b
BRA
100
_a
Braine, John
245
0
_a
Stay with me till morning
260
_a
London
_b
Magnum
_c
1978
942
_c
BK
999
_c
29355
_d
29355